000 00859nam a2200289 a 4500
001 vtls000135663
003 NLI
005 20210601211259.0
008 101125s1979 enk 001 0 eng
020 _a0333245210 :
_cPND 12.00
039 9 _y201011251441
_zVLOAD
040 0 _aNLI
_beng
_cEntertech-FY 2010
_eAACR2
041 0 _aeng
044 _aenk
082 0 4 _a070.96
100 1 _aBarton, Frank
_9275496
245 1 4 _aThe press of Africa :
_bpersecution and perseverance /
_cFrank Barton
260 _aLondon :
_bMacmillan,
_cc1979
300 _axi, 304 p. ;
_c22 cm.
504 _aIncludes bibliographical references and index
650 0 _aPress
_zAfrica
_xHistory
_9275497
887 _a
901 _a451560
_b16.5.1979
902 _aE 070.96 Ai 285
949 _AVIRTUAITEM
_D10000
_X100
_6PUR000451560ENG
942 _2ddc
_cBKS
999 _aVIRTUA40
_c141014
_d141014